Critique du jugement (Record no. 156546)

MARC details
000 -LEADER
campo de control de longitud fija 00859nam a22002175i 4500
001 - NÚMERO DE CONTROL
campo de control 156546
003 - IDENTIFICADOR DE NÚMERO DE CONTROL
campo de control ES-MaACL
005 - FECHA Y HORA DE LA ÚLTIMA TRANSACCIÓN
campo de control 20251001194521.0
008 - DATOS DE LONGITUD FIJA--INFORMACIÓN GENERAL
campo de control de longitud fija 941129s1846 fr |||| | fre d
040 ## - FUENTE DE CATALOGACIÓN
Centro catalogador/agencia de origen CLM
Lengua de catalogación spa
100 1# - ENTRADA PRINCIPAL--NOMBRE DE PERSONA
Nombre de persona Kant, Immanuel,
Fechas asociadas al nombre 1724-1804
9 (RLIN) 222608
245 10 - MENCIÓN DEL TÍTULO
Título Critique du jugement
Resto del título : suivie des observations sur le sentiment du beau et du sublime /
Mención de responsabilidad, etc. par Emm. Kant ; traduit de l'allemand par J. Barni avec une introduction du traducteur.
260 ## - PUBLICACIÓN, DISTRIBUCIÓN, ETC.
Lugar de publicación, distribución, etc. Paris :
Nombre del editor, distribuidor, etc. Librairie philosophique de Ladrange,
Fecha de publicación, distribución, etc. 1846 (
Fabricante Corbeil, Imprimerie de Creté)
300 ## - DESCRIPCIÓN FÍSICA
Extensión 2 v.(XVI, 343 p. ; 328 p.) ;
Dimensiones 22 cm.
650 #4 - PUNTO DE ACCESO ADICIONAL DE MATERIA--TÉRMINO DE MATERIA
Término de materia o nombre geográfico como elemento de entrada Epistemología.
9 (RLIN) 12338
650 #4 - PUNTO DE ACCESO ADICIONAL DE MATERIA--TÉRMINO DE MATERIA
Término de materia o nombre geográfico como elemento de entrada Juicio (Lógica)
9 (RLIN) 14026
700 1# - ENTRADA AGREGADA--NOMBRE PERSONAL
Nombre de persona Barni, Jules,
Fechas asociadas al nombre 1818-1878
9 (RLIN) 25735
852 ## - LOCALIZACIÓN
Ubicación ES-MaACL
Número de control de estantería F-7154-55
Nota libre -- Enc. cartón
Holdings
Estatus retirado Estado de pérdida Estado de daño No para préstamo Colección Biblioteca de origen Biblioteca actual Ubicación en estantería Fecha de adquisición Total de préstamos Signatura topográfica completa Código de barras Visto por última vez Precio de reemplazo Tipo de ítem Koha
        Libros del s. XIX Biblioteca del Ateneo de Madrid Biblioteca del Ateneo de Madrid Depósito 2 17/01/2008   F-7154-55 1163783 23/02/2023 23/02/2023 Libro impreso antiguo